000 00687nam a2200157 i 4500
001 160500
003 ES-MaACL
005 20230906212043.0
008 041122s1890 xxu |||| | eng d
110 2 _aNational Prison Association of the United States.
_bCongress (
_d1889.
_cHashville)
_9134715
245 1 0 _aProceedings of the Annual Congress of the National Prison Association of the United States
_b: heald at Nashville, November 16-20, 1889.
260 _aChicago :
_b[s.n.],
_c1890 (
_fKnight & Leonard Co.)
300 _a330, [2] p. ;
_c23 cm.
650 4 _aEstablecimientos penitenciarios-
_zEstados Unidos.
_912516
852 _aES-MaACL
_jD-194
_z- Enc. tela
_z. - Donativo Lastres
999 _c160500
_d160500